Pattern recognition and machine learning (Record no. 6363)

MARC details
000 -LEADER
fixed length control field 00613nam a22002177a 4500
003 - CONTROL NUMBER IDENTIFIER
control field OSt
005 - DATE AND TIME OF LATEST TRANSACTION
control field 20220107122847.0
008 - FIXED-LENGTH DATA ELEMENTS--GENERAL INFORMATION
fixed length control field 190118b xxu||||| |||| 00| 0 eng d
020 ## - INTERNATIONAL STANDARD BOOK NUMBER
International Standard Book Number 9780387310732
040 ## - CATALOGING SOURCE
Transcribing agency IIITMK
082 ## - DEWEY DECIMAL CLASSIFICATION NUMBER
Classification number 006.4 BIS/P; 3
100 ## - MAIN ENTRY--PERSONAL NAME
Personal name Bishop, Christopher M
9 (RLIN) 15262
245 ## - TITLE STATEMENT
Title Pattern recognition and machine learning
Statement of responsibility, etc. Christopher M Bishop
260 ## - PUBLICATION, DISTRIBUTION, ETC.
Place of publication, distribution, etc. New Delhi,
Name of publisher, distributor, etc. Springer,
Date of publication, distribution, etc. 2006.
300 ## - PHYSICAL DESCRIPTION
Extent xx, 738p.
650 ## - SUBJECT ADDED ENTRY--TOPICAL TERM
Topical term or geographic name entry element COMPUTER SCIENCE
9 (RLIN) 16533
650 ## - SUBJECT ADDED ENTRY--TOPICAL TERM
Topical term or geographic name entry element PATTERN RECOGNITION
9 (RLIN) 16534
650 ## - SUBJECT ADDED ENTRY--TOPICAL TERM
Topical term or geographic name entry element MACHINE LEARNING
9 (RLIN) 16535
650 ## - SUBJECT ADDED ENTRY--TOPICAL TERM
Topical term or geographic name entry element ALGORITHMS
9 (RLIN) 16536
942 ## - ADDED ENTRY ELEMENTS (KOHA)
Source of classification or shelving scheme Dewey Decimal Classification
Koha item type Books
Holdings
Withdrawn status Lost status Source of classification or shelving scheme Damaged status Not for loan Collection code Home library Current library Shelving location Date acquired Cost, normal purchase price Total Checkouts Total Renewals Full call number Barcode Date last seen Date last checked out Price effective from Koha item type
    Dewey Decimal Classification     Pattern Recognition/ Biometrics Kerala University of Digital Sciences, Innovation and Technology Knowledge Centre Kerala University of Digital Sciences, Innovation and Technology Knowledge Centre Computer Science 18/01/2019 4171.00 5 1 006.4 BIS/P; 3 5413 02/04/2024 01/07/2022 18/01/2019 Books